Rome against Caratacus (Record no. 46106)
[ view plain ]
| 000 -LEADER | |
|---|---|
| fixed length control field | 01293nam a2200325Ia 4500 |
| 100 1# - MAIN ENTRY--AUTHOR NAME | |
| Personal name | Webster, Graham. |
| 245 10 - TITLE STATEMENT | |
| Title | Rome against Caratacus |
| 260 ## - PUBLICATION, DISTRIBUTION, ETC. (IMPRINT) | |
| Place of publication | Totowa, N.J. : |
| Name of publisher | Barnes & Noble, |
| Year of publication | 1982. |
| 300 ## - PHYSICAL DESCRIPTION | |
| Number of Pages | 181 p., [16] p. of plates : |
| Other physical details | ill. |
| 856 40 - ELECTRONIC LOCATION AND ACCESS | |
| Uniform Resource Identifier | http://site.ebrary.com/lib/rucke/Doc?id=10060631 |
No items available.
